zpět

Detail výsledku týmu

Centrum Kosatec, Pardubice

Datum a čas kvízu

23 Celkem bodů Celkový počet nahraných bodů na tomto kvízu bez doplňovacích otázek.
8. Pořadí na kvízu Konečné umístění týmu na tomto kvízu.

Zaznamenané odpovědi

# Otázka Odpověď Body Výsledky
1. V sobotu oslavila v pražské zo... Mobi 0
2. Ruské úřady zadržely tři školá... C) sněhovými koulemi uhasili věčný oheň u památníku 0
3. Ve čtvrtek měl v českých kinec... Nosferatu 1
4. Ve čtvrtek byla v pražských Št... Lidl 0
5. V neděli byl oficiálně oznámen... SK Slavia Praha, Tottenham Hotspur FC 0
6. Z historie se zdá, že Američan... Dwight Eisenhower 0
7. Kterou vysokou školu vystudova... D 1
8. Napište jméno zobrazeného herc... Terry Crews 0
9. Lebkouni ze stejnojmenného fil... A 0
10. „Jak vykrást banku“ je francou... Václav Faltus; František Filipovský 0.5